000 00451nam a2200157Ia 4500
008 160316s1995 xxu||||| |||| 00| 0 eng d
082 _a108.000000
_bMEH
100 _aMehta Geeta S
245 _aPhilosophy of Vinobha Bhave
250 _a
260 _aBombay
_bHimalaya Publishing House
_c1995
300 _a276p
_b
_c
365 _bRs.375/-
650 _a1. Philosophy - Vinoba Bhave 2. Vinoba Bhave's Philosophy - Gandhian Thought
700 _a
_a
999 _c12153
_d12153